The reactivity of an osmium-antimony cluster /
Saved in:
| Main Author: | |
|---|---|
| Format: | Thesis Book |
| Language: | English |
| Published: |
2001.
|
| Tags: |
Add Tag
No Tags, Be the first to tag this record!
|
| LEADER | 00671cam a2200205 a 4500 | ||
|---|---|---|---|
| 001 | u505191 | ||
| 003 | SIRSI | ||
| 008 | 020917s2001 si v 00 1 eng m | ||
| 035 | |a ACV-9367 | ||
| 040 | |a UMM | ||
| 090 | |a QD3 |b NUS 2001 Den | ||
| 100 | 1 | 0 | |a Deng, Mingli. |
| 245 | 1 | 4 | |a The reactivity of an osmium-antimony cluster / |c Deng Mingli. |
| 260 | |c 2001. | ||
| 300 | |a viii, 90 leaves : |b ill. ; |c 30 cm. | ||
| 502 | |a Dissertation (M.Sc.) -- National University of Singapore, 2001. | ||
| 504 | |a Bibliography: leaves 90. | ||
| 948 | |a 10/10/2002 |b 08/11/2002 | ||
| 596 | |a 1 | ||
| 999 | |a QD3 NUS 2001 DEN |w LC |c 1 |i A510891253 |l B_KOM4 |m P01UTAMA |r Y |s Y |t TESIS |u 2/12/2002 |o .PUBLIC. BKOM 4 :44550 | ||
